Statistics for Kendrick Lamar - good kid, m.A.A.d city Songs

Click here to take the quiz!

General Stats

  • This quiz has been taken 642 times
  • The average score is 9 of 12

Answer Stats

Lyric Song % Correct
Now this is not a tape recorder saying that he did it / But ever since that day, I was lookin at him differentm.A.A.d city
92%
Now I done grew up 'round some people living their life in bottles / Granddaddy had that golden flaskSwimming Pools (Drank)
89%
It go Halle Berry or hallelujah / Pick your poison tell me what you doin' / Everybody gon' respect the shooter / But the one in front of the gun lives foreverMoney Trees
88%
If I told you that a flower bloomed in a dark room, would you trust it?Poetic Justice
84%
All my life I want money and power / Respect my mind or die from lead showerBackseat Freestyle
83%
But what am I supposed to / When the topic is red or blue / And you understand that I ain't / But know I'm accustomed togood kid
82%
Look inside my soul and you can find gold and maybe get rich / Look inside of your soul and you can find out it never existB-, Don't Kill My Vibe
80%
I met her at this house party on El Segundo and Central / She had the credentials of strippers in AtlantaSherane a.k.a. Master Splinter's Daughter
72%
That's ironic cause I've never been violent until I'm with the homiesThe Art of Peer Pressure
69%
Come and visit, the tires screeching / Ambulance, policeman / Won't you spend a weekend on RosecransCompton
64%
Just promise me you'll tell this story when you make it big / And if I die before your album drop I hope- *gunshots*Sing About Me, I'm Dying of Thirst
62%
You living in a world that come with Plan B / Cause Plan A never relay a guarantee / And Plan C never could say just what it wasReal
60%

Score Distribution

Percentile by Number Answered

Percent of People with Each Score

Your Score History

You have not taken this quiz